000
00284nam a22001217a 4500
008
181024b xxu||||| |||| 00| 0 eng d
041
_a
eng
080
_a
610
100
_a
3
101
_a
SHM
245
_a
Physicians Guide Odering Diets For Adult
_c
Sedlet.j.a
942
_2
udc
_c
BK
999
_c
50826
_d
50826